<?xml version='1.0' encoding='UTF-8'?>
  <record xmlns="http://www.loc.gov/MARC21/slim">
    <leader>00000cam a2200000Mi 4500</leader>
    <controlfield tag="001">ocm69343284</controlfield>
    <controlfield tag="003">OCoLC</controlfield>
    <controlfield tag="005">20240127100239.6</controlfield>
    <controlfield tag="008">940801s1856    ne       m    000 0 dut d</controlfield>
    <datafield tag="040" ind1=" " ind2=" ">
      <subfield code="a">NLGGC</subfield>
      <subfield code="b">dut</subfield>
      <subfield code="e">fobidrtb</subfield>
      <subfield code="c">NLGGC</subfield>
      <subfield code="d">OCLCO</subfield>
      <subfield code="d">OCLCL</subfield>
    </datafield>
    <datafield tag="029" ind1="0" ind2=" ">
      <subfield code="a">NLGGC</subfield>
      <subfield code="b">121005240</subfield>
    </datafield>
    <datafield tag="035" ind1=" " ind2=" ">
      <subfield code="a">(OCoLC)69343284</subfield>
    </datafield>
    <datafield tag="100" ind1="1" ind2=" ">
      <subfield code="a">Stokvis, B.J.</subfield>
      <subfield code="q">(Barend Joseph),</subfield>
      <subfield code="d">1834-1902.</subfield>
      <subfield code="1">https://id.oclc.org/worldcat/entity/E39PBJdRy38mP4fKgGvJXgQTHC</subfield>
    </datafield>
    <datafield tag="245" ind1="1" ind2="0">
      <subfield code="a">Dissertatio physiologico-medica inauguralis contines quaedam de glucogenesi in hepate ejusque nexu cum excretione sacchari in diabete mellito =</subfield>
      <subfield code="b">Bijdragen tot de kennis der suikervorming in de lever, in verband met de suikerafscheiding bij diabetes mellitus /</subfield>
      <subfield code="c">Barend Josephus Stokvis.</subfield>
    </datafield>
    <datafield tag="246" ind1="3" ind2=" ">
      <subfield code="a">Glucogenesi in hepate ejusque nexu cum excretione ...</subfield>
    </datafield>
    <datafield tag="246" ind1="3" ind2=" ">
      <subfield code="a">Bijdragen tot de kennis der suikervorming in de lever</subfield>
    </datafield>
    <datafield tag="260" ind1=" " ind2=" ">
      <subfield code="a">Drusi Burgiae :</subfield>
      <subfield code="b">Apud J.V. Schattenkerk,</subfield>
      <subfield code="c">1856.</subfield>
    </datafield>
    <datafield tag="300" ind1=" " ind2=" ">
      <subfield code="a">VIII, 72, [7] p. :</subfield>
      <subfield code="b">tab. ;</subfield>
      <subfield code="c">23 cm.</subfield>
    </datafield>
    <datafield tag="336" ind1=" " ind2=" ">
      <subfield code="a">tekst</subfield>
      <subfield code="b">txt</subfield>
      <subfield code="2">rdacontent/dut</subfield>
    </datafield>
    <datafield tag="337" ind1=" " ind2=" ">
      <subfield code="a">zonder medium</subfield>
      <subfield code="b">n</subfield>
      <subfield code="2">rdamedia/dut</subfield>
    </datafield>
    <datafield tag="338" ind1=" " ind2=" ">
      <subfield code="a">band</subfield>
      <subfield code="b">nc</subfield>
      <subfield code="2">rdacarrier/dut</subfield>
    </datafield>
    <datafield tag="500" ind1=" " ind2=" ">
      <subfield code="a">Nederlandse tekst.</subfield>
    </datafield>
    <datafield tag="502" ind1=" " ind2=" ">
      <subfield code="a">Proefschrift Utrecht.</subfield>
    </datafield>
    <datafield tag="530" ind1=" " ind2=" ">
      <subfield code="a">Titel is geselecteerd voor digitalisering voor de Universiteit van Amsterdam in het kader van het Google Books-project.</subfield>
    </datafield>
    <datafield tag="758" ind1=" " ind2=" ">
      <subfield code="a">Dissertatio physiologico-medica inauguralis, continens quaedam de glucogenesi in hepate ejusque nexu cum excretione sacchari in diabete mellito (Text)</subfield>
      <subfield code="1">https://id.oclc.org/worldcat/entity/E39PCGw4mbtw63vKW8PkTyr7RC</subfield>
      <subfield code="4">https://id.oclc.org/worldcat/ontology/hasWork</subfield>
    </datafield>
    <datafield tag="776" ind1="0" ind2=" ">
      <subfield code="t">Dissertatio physiologico-medica inauguralis contines quaedam de glucogenesi in hepate ejusque nexu cum excretione sacchari in diabete mellito</subfield>
      <subfield code="w">(NL-LeOCL)39675094X</subfield>
    </datafield>
    <datafield tag="776" ind1="0" ind2=" ">
      <subfield code="t">Dissertatio physiologico-medica inauguralis contines quaedam de glucogenesi in hepate ejusque nexu cum excretione sacchari in diabete mellito</subfield>
      <subfield code="w">(NL-LeOCL)407021302</subfield>
    </datafield>
  </record>